FIFA 18 Top 10 Goalkeepers - Statistics

General Stats
  • This quiz has been taken 1,155 times
  • The average score is 7 of 10
Answer Stats
Rank Player OVA % Correct
1 Manuel Neuer 92
97%
2 David De Gea 90
88%
4 Gianluigi Buffon 89
87%
3 Thibaut Courtois 89
87%
5 Jan Oblak 88
79%
9 Keylor Navas 85
77%
6 Hugo Lloris 88
71%
8 Petr Cech 86
59%
7 Samir Handanovic 87
56%
10 Danijel Subasic 85
18%
No matching quizzes found
Score Distribution
Percent of People with Each Score
Percentile by Number Answered
Your Score History
You have not taken this quiz